书目信息 |
| 题名: |
梅陇史话
|
|
| 作者: | 张乃清, 著 ;上海市闵行区梅陇镇精神文明建设委员会 编 | |
| 分册: | ||
| 出版信息: | 上海 中西书局 2021.07 |
|
| 页数: | 214页 | |
| 开本: | 24cm | |
| 丛书名: | 上海闵行历史文化丛书 | |
| 单 册: | ||
| 中图分类: | K925.15 | |
| 科图分类: | ||
| 主题词: | 乡镇--xiang zhen--概况--闵行区 | |
| 电子资源: | ||
| ISBN: | 978-7-5475-1844-1 | |
| 000 | 01241nam 2200277 450 | |
| 001 | 0100028663 | |
| 005 | 20211025120205.0 | |
| 010 | @a978-7-5475-1844-1@dCNY58.00 | |
| 100 | @a20210923d2021 em y0chiy50 ea | |
| 101 | 0 | @achi |
| 102 | @aCN@b310000 | |
| 105 | @aab z 000yy | |
| 106 | @ar | |
| 200 | 1 | @a梅陇史话@Amei long shi hua@f张乃清著@g上海市闵行区梅陇镇精神文明建设委员会编 |
| 210 | @a上海@c中西书局@d2021.07 | |
| 215 | @a214页@c图, 地图@d24cm | |
| 225 | 2 | @a上海闵行历史文化丛书@Ashang hai min hang li shi wen hua cong shu |
| 314 | @a张乃清, 1949年11月生, 上海本地人。先后从事群众文化、公共图书馆和非物质文化遗产保护工作。 | |
| 330 | @a本书叙述的是今闵行区梅陇镇境内七百多年来的历史风情和区域特色。为便于阅读, 按“梅家弄”“朱家行”“曹家桥”三个历史区域分述。为突显近一百年革命斗争风云, 相关人物和事件集中叙述。本地区基本史料附录在后, 以利查询。 | |
| 410 | 0 | @12001 @a上海闵行历史文化丛书 |
| 606 | 0 | @a乡镇@Axiang zhen@x概况@y闵行区 |
| 690 | @aK925.15@v5 | |
| 701 | 0 | @a张乃清,@Azhang nai qing@f1949-@4著 |
| 712 | 02 | @a上海市闵行区梅陇镇精神文明建设委员会@Ashang hai shi min xing qu mei long zhen jing shen wen ming jian she wei yuan hui@4编 |
| 801 | 0 | @aCN@c20210909 |
| 905 | @a河南城建学院图书馆@dK925.15@eZ145 | |
| 梅陇史话/张乃清著/上海市闵行区梅陇镇精神文明建设委员会编.-上海:中西书局,2021.07 |
| 214页:图, 地图;24cm.-(上海闵行历史文化丛书) |
| ISBN 978-7-5475-1844-1:CNY58.00 |
| 本书叙述的是今闵行区梅陇镇境内七百多年来的历史风情和区域特色。为便于阅读, 按“梅家弄”“朱家行”“曹家桥”三个历史区域分述。为突显近一百年革命斗争风云, 相关人物和事件集中叙述。本地区基本史料附录在后, 以利查询。 |
| ● |
| 相关链接 |
|
|
|
正题名:梅陇史话
索取号:K925.15/Z145
 
预约/预借
| 序号 | 登录号 | 条形码 | 馆藏地/架位号 | 状态 | 备注 |
| 1 | 1546866 | 215468660 | 社科库309/309社科库 14排2列3层/ [索取号:K925.15/Z145] | 在馆 | |
| 2 | 1546867 | 215468679 | 社科库309/309社科库 14排2列3层/ [索取号:K925.15/Z145] | 在馆 |